| 000 | 01954nam0a22003491 4500 | ||
|---|---|---|---|
| 001 | rc\3034260 | ||
| 005 | 20111003162841.2 | ||
| 035 | _a(NLR Aleph) 007174977 | ||
| 090 |
_a7384170 _c7384170 |
||
| 100 | _a20111003d1936 |||y0rusy50 ca | ||
| 101 | 0 | _arus | |
| 102 | _aRU | ||
| 105 | _aa z ||||| | ||
| 200 | 1 |
_aСтроительство детских воспитательно-образовательных учреждений (детских садов и школ) в совхозах _fБ.И. Айзенштат, В.К. Варищев, К.Н. Попов, И.Л. Фрейдгейм, В.И. Шютте _gРедколлегия: Ивановский П.М., В.Н. Скосырев, Варищев В.К. и Самарина-Вассерман А.М. _gГос. центр. изуч.-иссл. ин-т охраны здоровья детей и подростков НКЗ РСФСР |
|
| 210 |
_aМосква _aЛенинград _cБиомедгиз _d1936 _g1 тип. Изд. Ленингр. облисполкома и Совета |
||
| 215 |
_aОбл., 158, [2] с. _cдиагр., схем. _d20×15 см |
||
| 701 | 1 |
_aАйзенштат _bБ. И. _gБорис Иосифович |
|
| 701 | 1 |
_aВарищев _bВ. К. |
|
| 701 | 1 |
_aПопов _bК. Н. |
|
| 701 | 1 |
_aФрейдгейм _bИ. Л. |
|
| 701 | 1 |
_aШютте _bВ. И. |
|
| 702 | 1 |
_aСкосырев _bВ. Н. _4340 |
|
| 702 | 1 |
_aВарищев _bВ. К. _4340 |
|
| 702 | 1 |
_aСамарина-Вассерман _bА. М. _4340 |
|
| 702 | 1 |
_aШурпе _bЭ. Ю. _gЭдуард Юрьевич _4340 |
|
| 702 | 1 |
_aИвановский _bП. М. _4340 |
|
| 712 | 0 | 2 |
_aГосударственный Центральный научно-исследовательский институт охраны здоровья детей и подростков _cМосква _4570 |
| 801 | 0 |
_aRU _bNLR _gpsbo |
|
| 801 | 1 |
_aRU _bELAR _2rusmarc |
|
| 852 |
_aNLR _j36-8/574 |
||
| 942 | _cBOOK | ||
| 980 | _aNB | ||